Fremdenverkehrsstatistik Wintersaison 1982/83

Salvato in:
Dettagli Bibliografici
Natura: Libro
Lingua:tedesco
Pubblicazione: Vaduz Amt für Volkswirtschaft 1982
Tags: Aggiungi Tag
Nessun Tag, puoi essere il primo ad aggiungerne!!

MARC

LEADER 00000nam a2200000 4500
001 c132351
005 20251217105502.9
041 0 |a ger 
044 |a LI 
245 1 0 |a Fremdenverkehrsstatistik  |b Wintersaison 1982/83 
264 1 |a Vaduz  |b Amt für Volkswirtschaft  |c 1982 
300 |a 25 s.